00000000nam 2200000zi 4500
0019.949922
003CaOODSP
00520250822104013
006m     o  d f      
007cr cn|||||||||
008250409e20241124oncd    ob   f000 0 eng d
020 |a9780660768731
040 |aCaOODSP|beng|erda|cCaOODSP
043 |an-cn---|af-sa---
0861 |aIu37-56/2025E-PDF
1001 |aDufour, Paul, |eauthor.
24510|aCanada-South Africa Science, Technology, Innovation and Knowledge (STIK) cooperation : |ba report for Innovation, Science and Economic Development Canada (ISED) and South Africa's Department of Science, Technology and Innovation (DSTI) / |cPaul Dufour, Michael Kahn.
24610|aReport for Innovation, Science and Economic Development Canada (ISED) and South Africa's Department of Science, Technology and Innovation (DSTI)
264 1|aOttawa, ON : |bInnovation, Science and Economic Development Canada = Innovation, Sciences et Développement économique Canada : |bRepublic of South Africa Department of Science, Technology and Innovation, |c24 November 2024.
264 4|c©2024
300 |a1 online resource (32 pages) : |bgraphs
336 |atext|btxt|2rdacontent
337 |acomputer|bc|2rdamedia
338 |aonline resource|bcr|2rdacarrier
500 |aCover title.
500 |aIssued also in French under title: Exploration de la coopération Canada-Afrique du Sud en science, technologie, innovation et connaissances (STIC) : Innovation, Sciences et Développement économique Canada (ISDE) et le ministère de la Science, de la Technologie et de l'Innovation de la République sud-africaine (MSTI).
504 |aIncludes bibliographical references (pages 29, 31-32).
520 |a"With the November 2024 renewal of the five-year bilateral MOU on STI cooperation between Canada's ISED and South Africa's DSTI, this report explores past and future directions. It reviews the over thirty year partnership between Canada and South Africa that emerged through the work of the International Development Research Centre (IDRC) and South Africa's Mass Democratic Movement"--Executive summary, page 7.
650 0|aScience and state|zCanada.
650 0|aScience and state|zSouth Africa.
650 0|aTechnology and international relations|zCanada.
650 0|aTechnology and international relations|zSouth Africa.
650 0|aTechnological innovations|zCanada.
650 0|aTechnological innovations|zSouth Africa.
7101 |aCanada. |bInnovation, Science and Economic Development Canada, |eissuing body.
77508|tExploration de la coopération Canada-Afrique du Sud en science, technologie, innovation et connaissances (STIC) : |w(CaOODSP)9.949924
85640|qPDF|s509 KB|uhttps://publications.gc.ca/collections/collection_2025/isde-ised/Iu37-56-2025-eng.pdf
8564 |qHTML|sN/A|uhttps://ised-isde.canada.ca/site/ised/en/canada-south-africa-science-technology-innovation-and-knowledge-stik-cooperation